Vymedzenie poľnohospodárskych prírodných oblastí (PPO) v SSR na podklade výsledkov bonitácie poľnohospodárskeho pôdneho fondu ČSSR etapová úloha SPEV 903 129 309-01/01.1

Saved in:
Bibliographic Details
Main Author: Facuna, Ján
Format: Book
Language:Slovak
Published: Bratislava Výskumný ústav ekonomiky poľnohospodárstva a potravinárstva 1984
Tags: Add Tag
No Tags, Be the first to tag this record!

MARC

LEADER 00000nam a2200000 4500
001 c106924
005 20221128071640.2
041 0 |a slo 
044 |a SK 
245 1 0 |a Vymedzenie poľnohospodárskych prírodných oblastí (PPO) v SSR na podklade výsledkov bonitácie poľnohospodárskeho pôdneho fondu ČSSR  |b etapová úloha SPEV 903 129 309-01/01.1  |c Ján Facuna 
264 1 |a Bratislava  |b Výskumný ústav ekonomiky poľnohospodárstva a potravinárstva  |c 1984 
300 |a 20 s. 
100 1 |a Facuna, Ján